| 000 | 00884nam a22002417a 4500 | ||
|---|---|---|---|
| 010 | _aB-028490 | ||
| 020 | _c105.00 | ||
| 035 | _aB-028490 | ||
| 037 | _aCen Lib/Ret | ||
| 040 |
_aDPL _bPA |
||
| 082 |
_aਓ _bਰਾਮਸ |
||
| 100 |
_aਰਾਮ ਸਰੂਪ ਅਣਖੀ _92170 |
||
| 245 |
_aਜੱਸੀ ਸਰਪੰਚ : _cਰਾਮ ਸਰੂਪ ਅਣਖੀ _bਨਾਵਲ / |
||
| 246 |
_aJassi sarpanch : novel / _bby Ram Sarup Anakhi |
||
| 260 |
_aਦਿੱਲੀ _bਆਰਸੀ ਪਬਲਿਸ਼ਰਜ਼ _c2000 |
||
| 270 |
_aਚਾਂਦਨੀ ਚੋਕ _bਦਿੱਲੀ _e110006 |
||
| 300 |
_a141p ; _b24cm(Hb) |
||
| 650 |
_aਸਾਹਿਤ --ਪੰਜਾਬੀ _9127484 |
||
| 650 |
_aਪੰਜਾਬੀ -- ਨਾਵਲ _9127485 |
||
| 650 |
_aliterature--Punjabi _9127486 |
||
| 650 |
_aPunjabi-- noval _9115816 |
||
| 942 |
_2ddc _cPN _hਓ _mਰਾਮਸ |
||
| 999 |
_c110465 _d110465 |
||